[Event "Athens Acropolis op"]
[Site "Athens"]
[Date "2006.08.18"]
[Round "6"]
[White "Parginos, Vassilios"]
[Black "Tassopoulos, Marios"]
[Result "1/2-1/2"]
[WhiteElo "2177"]
[BlackElo "2270"]
[PlyCount "40"]
[EventDate "2006.08.13"]
[EventType "swiss"]
[EventRounds "9"]
[EventCountry "GRE"]
[SourceTitle "CBM 113 Extra"]
[Source "ChessBase"]
[SourceDate "2006.09.14"]
[SourceVersion "1"]
[SourceVersionDate "2006.09.14"]
[SourceQuality "1"]

1. d4 Nf6 2. c4 c5 3. d5 b5 4. cxb5 a6 5. b6 e6 6. Nc3 Nxd5 7. Nxd5 exd5 8. Qxd5 Nc6 9. Nf3 Rb8 10. Qe4+ Qe7 11. Qxe7+ Bxe7 12. Bd2 Bf6 13. Bc3 Bxc3+ 14. bxc3 Rxb6 15. Nd2 d5 16. e3 Ke7 17. Bd3 Be6 18. 0-0 Rhb8 19. Rab1 Rxb1 20. Rxb1 Rxb1+ 1/2-1/2

[Event "Athens Acropolis op"]
[Site "Athens"]
[Date "2006.08.17"]
[Round "5"]
[White "Sandalakis, Angelos"]
[Black "Parginos, Vassilios"]
[Result "1-0"]
[WhiteElo "2220"]
[BlackElo "2177"]
[PlyCount "91"]
[EventDate "2006.08.13"]
[EventType "swiss"]
[EventRounds "9"]
[EventCountry "GRE"]
[SourceTitle "CBM 113 Extra"]
[Source "ChessBase"]
[SourceDate "2006.09.14"]
[SourceVersion "1"]
[SourceVersionDate "2006.09.14"]
[SourceQuality "1"]

1. Nf3 Nf6 2. b3 c5 3. Bb2 Nc6 4. e3 e6 5. Be2 Be7 6. 0-0 d5 7. d4 cxd4 8. Nxd4 0-0 9. Nd2 Nd7 10. c4 Nxd4 11. Bxd4 Bf6 12. Bxf6 Nxf6 13. Bf3 Bd7 14. Rc1 Bc6 15. b4 b5 16. Re1 Rc8 17. cxb5 Bxb5 18. Qb3 Qd7 19. Qa3 a6 20. Nb3 e5 21. Nc5 Qf5 22. Bxd5 e4 23. Bb7 Rce8 24. Qb2 Ng4 25. h3 Nf6 26. a4 Bd3 27. Bxa6 Bxa6 28. Nxa6 g5 29. Rc5 Qg6 30. Nc7 Rc8 31. Rc6 Kg7 32. b5 Rfd8 33. Rec1 g4 34. hxg4 Rxc7 35. Rxc7 Qxg4 36. Qb3 Nd5 37. Ra7 Rd6 38. Rc6 Rd8 39. b6 Kh8 40. Rc1 Rg8 41. g3 Qf3 42. Ra8 Rxa8 43. b7 Rg8 44. b8Q Rxb8 45. Qxb8+ Kg7 46. Qe5+ 1-0

[Event "Athens Acropolis op"]
[Site "Athens"]
[Date "2006.08.16"]
[Round "4"]
[White "Parginos, Vassilios"]
[Black "Pandavos, Panayotis"]
[Result "1-0"]
[WhiteElo "2177"]
[BlackElo "2312"]
[PlyCount "29"]
[EventDate "2006.08.13"]
[EventType "swiss"]
[EventRounds "9"]
[EventCountry "GRE"]
[SourceTitle "CBM 113 Extra"]
[Source "ChessBase"]
[SourceDate "2006.09.14"]
[SourceVersion "1"]
[SourceVersionDate "2006.09.14"]
[SourceQuality "1"]

1. d4 Nc6 2. Nf3 d5 3. c4 e6 4. Nc3 Nf6 5. cxd5 Nxd5 6. e4 Nxc3 7. bxc3 Be7 8. Bd3 0-0 9. 0-0 Na5 10. Re1 c5 11. e5 b6 12. Re4 Bb7 13. Rg4 g6 14. Ng5 f5 15. exf6 1-0